Normal view MARC view

Entry Uniform Title

Number of records used in: 1

001 - CONTROL NUMBER

  • control field: 51785

003 - CONTROL NUMBER IDENTIFIER

  • control field: dpl

005 - DATE AND TIME OF LATEST TRANSACTION

  • control field: 20120830110655.0

008 - FIXED-LENGTH DATA ELEMENTS

  • fixed length control field: 120830|||a|||||| | ||| d

040 ## - CATALOGING SOURCE

  • Original cataloging agency: dpl
  • Transcribing agency: dpl

130 ## - HEADING--UNIFORM TITLE

  • Uniform title: Oxford collected essays

670 ## - SOURCE DATA FOUND

  • Source citation: Work cat.: (dpl)55948: 33535 Rakesh Mohan, Growth with financial stability :, 2012

670 ## - SOURCE DATA FOUND

  • Source citation: Work cat.: (dpl)55948: 33535 Rakesh Mohan, Growth with financial stability :, 2012

© Delhi Public Library
Hit Counter
free hit counter